000 00948nam a22003137a 4500
001 0062524
003 KOHA_MİRAKIL
005 20260207004412.0
007 ta
008 180803b2010 tu |||gr||||#||||0|tur |
020 _a9796055884192
040 _aTR-BiSEU
_btur
_cTR-BiSEU
_erda
041 0 _atur
044 _ctu
050 _aQC21
_b.A63 2010
100 1 _aApaydın, Fevzi.
245 1 _aÇözümlü istatistik fizik soruları/
_cFevzi Apaydın ; Fevzi Apaydın.
264 1 _aAnkara :
_bOkutman Yayıncılık
_c2010
300 _a238 sayfa; 24 cm.
336 _ametin
_btxt
_2rdacontent
337 _aaracısız
_bn
_2rdamedia
338 _acilt
_bnc
_2rdacarrier
500 _aDizin var.
650 0 _aİstatistiksel fizik--Problemler, alıştırmalar, vb.
_9115850
650 0 _aStatistical Physics--Problemler, Alıştırmalar, vb.
_9115851
650 0 _aFizik.
_91572
650 0 _aPhysics.
_94229
942 _2lcc
_cBK
999 _c62320
_d62320